El Desarrollo y la Población en América Latina /

Збережено в:
Бібліографічні деталі
Автор: Urzúa, Raúl (autor)
Формат: Книга
Мова:Іспанська
Предмети:
Теги: Додати тег
Немає тегів, Будьте першим, хто поставить тег для цього запису!

MARC

LEADER 00000nam^a2200000^a^4500
001 000074621
005 20250521000000.0
009 20260310091711.757
020 |a 968-23-0530-6 
037 |a Acervo ITESO - Biblioteca 
041 |a ESP 
082 |a 304. 6598  |b URZ 
100 |a Urzúa, Raúl  |e (autor) 
245 1 3 |a El Desarrollo y la Población en América Latina /  |c R. Urzúa. 
264 |a México :  |b Siglo XXI,  |c 1979 
300 |a 299 p. 
336 |a texto  |b txt  |2 rdacontenido 
337 |a sin mediación  |b n  |2 rdamedio 
338 |a volumen  |b nc  |2 rdasoporte 
649 |a XX 
650 |a Demografía -  |z Latinoamérica 
910 |a Fondo Armando Suárez Gómez 
920 |a Impresos - Libros 
930 |a Fondos Especiales 
905 |a 111 
901 |a 0700003766  |b IT2  |c ESP  |u 20250521 
902 |a https://opac.biblio.iteso.mx/vufind/Record/000074621